000 00988nam a22002417a 4500
005 20240305165602.0
007 cr|||| ||||
008 210420s2018 br |||||s|||| 00||0 por d
020 _a978-85-9547-019-4
035 _a32999
040 _avLex
090 _c11487
_d11487
100 1 _aSette Lopes, Mônica
245 1 1 _aA crônica da justiça
_h[Recurso electrónico] /
_cMônica Sette Lopes
256 _aServicio en línea
260 _aBelo Horizonte:
_bInitia Via Editora,
_c2018
300 _a1 recurso electrónico
506 1 _aDisponible solo en los productos indicados
_dvLex Global
_dvLex Global (Academic Edition, excluding Law Schools)
_dvLex Global (U.S. Academic Edition, Law Schools)
_dvLex Global (U.S. Academic Edition, excluding Law Schools)
_dvLex Global (Academic Edition, Law Schools)
650 0 4 _aCiencias sociales
_zBrasil
740 0 _avLex Libros (Servicio en línea)
856 4 0 _uhttps://vlex.com/source/a-cr-nica-da-justi-a-32999
942 _cRAA
999 _c169723
_d169723